Rights in practice Access to a lawyer and procedural rights in criminal and European arrest warrant proceedings

Bibliographic Details
Format: eBook
Language:English
Published: Bruselas: European Union Publications Office, 2019
Subjects:
Online Access:Acceso restringido

MARC

LEADER 00000nam a22000007a 4500
005 20220118211247.0
007 cr|||| ||||
008 220118s2019 eu |||||s||||i00||0 eng d
020 |a 978-92-9474-643-6 
035 |a 34372 
040 |a vLex 
090 |c 12849  |d 12849 
245 0 0 |a Rights in practice  |h [Recurso electrn̤ico] :  |b Access to a lawyer and procedural rights in criminal and European arrest warrant proceedings 
256 |a Servicio en ln̕ea 
260 |a Bruselas:  |b European Union Publications Office,  |c 2019 
300 |a 1 recurso electrn̤ico 
500 |a Protecting the rights of anyone suspected or accused of a crime is an essential element of the rule of law. Courts, prosecutors and police officers need certain powers to enforce the law – but trust in the outcomes of their efforts will quickly erode without effective safeguards. Such safeguards take on various forms, and include the right to certain information and to a lawyer. This report looks at how these key criminal procedural rights are applied in practice. It is based on interviews with over 250 respondents in eight Member States, including judges, prosecutors, police officers, lawyers, staff of bodies that monitor prisons, as well as defendants. In highlighting diverse challenges, the report aims to spur efforts to ensure that criminal procedural rights are applied both effectively and consistently throughout the EU. 
506 1 |a Disponible solo en los productos indicados  |d vLex Global  |d vLex Global (Academic Edition, excluding Law Schools)  |d vLex Global (U.S. Academic Edition, Law Schools)  |d vLex Global (U.S. Academic Edition, excluding Law Schools)  |d vLex Global (Academic Edition, Law Schools) 
650 0 4 |a Derecho Comunitario  |z Unin̤ Europea 
740 0 |a vLex Libros (Servicio en ln̕ea) 
856 4 0 |u https://app.vlex.com/#/sources/34372  |z Acceso restringido 
942 |c BOOK 
999 0 |a Community Law